Top 15 most streamed King Von songs - Statistics

General Stats
  • This quiz has been taken 507 times
  • The average score is 7 of 15
Answer Stats
Rank Streams Songs % Correct
3. 258,482,868 Crazy Story
97%
1. 491,930,767 Took Her To The O
93%
5. 123,098,115 Armed & Dangerous
73%
2. 267,968,898 Crazy Story, Pt. 3
62%
11. 60,822,234 3 A.M.
47%
10. 63,825,986 2 A.M.
44%
12. 55,738,424 Demon
44%
7. 81,770,217 All These N***as
35%
8. 79,680,345 Back Again
33%
9. 70,527,803 Ride
31%
6. 101,654,170 The Code
29%
14. 50,152,805 Wayne's Story
24%
15. 46,761,701 I Am What I Am
21%
4. 135,775,654 Don't Play That
16%
13. 53,141,018 Twin Nem
16%
No matching quizzes found
Score Distribution
Percent of People with Each Score
Percentile by Number Answered
Your Score History
You have not taken this quiz